00398pab a2200145 454500008004000000100001500040245007300055260000900128300001500137362001100152650002700163700002200190700002000212773002000232180718b2011 xxu||||| |||| 00| 0 eng d aNaik, B.M. aTo adopt new visions of new world: Establishment of technology parks c2011 ap.117-124. a12 Dec aEducational technology aShirkhedkar, M.P. aKandlikar, W.S. aUniversity News